Afrykańskie miasta w Top 200 na świecie - Statystyki

Ogólne statystyki
  • Ten quiz został rozwiązany 291 razy
  • Średni wynik to 14 z 27
Statystyki odpowiedzi
Lp.
(Na świecie)
Populacja Miasto % Poprawnych
12 21.0 m Kair
97%
126 3.98 m Algier
81%
114 4.23 m Kapsztad
75%
15 19.4 m Lagos
75%
30 12.4 m Kinszasa
73%
26 13.9 m Johannesburg
70%
131 3.80 m Addis Abeba
69%
75 5.90 m Nairobi
69%
135 3.73 m Dakar
66%
71 6.30 m Chartum
65%
200 2.68 m Tunis
65%
77 5.80 m Aleksandria
62%
143 3.53 m Abudża
56%
48 8.15 m Luanda
55%
88 5.10 m Akra
53%
69 6.45 m Dar es Salaam
41%
200 2.68 m Lusaka
40%
81 5.60 m Abidżan
39%
143 3.53 m Kampala
37%
143 3.53 m Bamako
36%
150 3.50 m Jaunde
34%
104 4.70 m Kano
26%
153 3.43 m Durban
20%
141 3.58 m Ibadan
20%
108 4.48 m Casablanka
13%
155 3.38 m Douala
6%
178 3.03 m Kumasi
5%
Nie znaleziono quizów pasujących do podanych kryteriów
Rozkład punktacji
Procent ludzi z każdym wynikiem
Percentyl według liczby udzielonych odpowiedzi
Twoja historia wyników
Nie rozwiązałeś tego quizu